Historyczne flagi #1 - Statystyki

Ogólne statystyki
  • Ten quiz został rozwiązany 1 282 razy
  • Średni wynik to 7 z 16
Statystyki odpowiedzi
Obrazkowy Odpowiedź % Poprawnych
ZSRR
89%
Bhutan
80%
Konfederacja
76%
Mauretania
68%
Francja
66%
Mozambik
54%
Schwyz
54%
Szwajcaria
50%
Protektorat Czech i Moraw
30%
Słowenia
29%
Mozambik
21%
Jemen
18%
Irak
17%
Jemen Południowy
14%
Syria
9%
Republika Hatay
4%
Nie znaleziono quizów pasujących do podanych kryteriów
Rozkład punktacji
Procent ludzi z każdym wynikiem
Percentyl według liczby udzielonych odpowiedzi
Twoja historia wyników
Nie rozwiązałeś tego quizu